| 000 | 01835cam a2200265 4500 | ||
|---|---|---|---|
| 001 | ##L135534 | ||
| 008 | 061106n2006 000 0 eng u | ||
| 020 | _a9780101693929 | ||
| 035 | _a(Sirsi) u135534 | ||
| 041 | 0 | _aeng | |
| 050 | 0 | 4 | _a353.334 $2 22 |
| 110 | 1 |
_aUnited Kingdom _bDepartment for Communities and Local Government _94939 |
|
| 240 | 0 | 0 | _aLocal government white paper |
| 245 | 0 | 0 |
_aStrong and prosperous communities _bthe local government white paper |
| 260 |
_aLondon _bTSO _c2006 |
||
| 300 | _a2v. | ||
| 490 | 0 |
_aCm _v6939 |
|
| 520 | _aAims to give local people and local communities more influence and power to improve their lives and concerns the creation of strong prosperous communities and the delivery of better public services through a rebalancing of the relationship between central and local government and local people. Proposes giving local government, local communities and other local service providers more freedom and powers to bring about the changes that they want to see. Volume one sets out the following key themes: strong and prosperous communities; responsive services and empowered communities; effective, accountable and responsive local government; strong cities, strategic regions; local government as a strategic leader and place-shaper; new performance framework; efficiency - transforming local services; community cohesion, and steps towards implementation. Volume two exemplifies how the White Paper's proposals will apply to major local public service areas and cross-cutting issues. | ||
| 590 | _aIKA141106 | ||
| 650 | 2 | 4 | _aLOCAL GOVERNMENT WHITE PAPER |
| 651 | 4 |
_aEngland _y886- |
|
| 690 | _aPROPERTY-PROPERTY DEVELOPMENT | ||
| 856 | 4 | 0 |
_uhttps://www.communities.gov.uk/index.asp?id=1503999 _zView the White Paper free of charge at www.communities.gov.uk... |
| 942 | _n0 | ||
| 999 |
_c106090 _d106090 |
||